000 00462nam a2200169Ia 4500
003 GCL
008 140319s9999 xx 000 0 aRus d
040 _aGCL /
_cGCL
082 0 4 _a792.0946
_bR H
100 1 _aRAMON, FRANCISCO RUIZ
245 1 0 _aHISTORIA DEL TEATRO ESPANOL SIGLO XX /
_cRAMON, FRANCISCO RUIZ
260 _a[S.N] :
_bCATEDRA ،
_c1995
300 _a584
650 0 4 _aSPANISH THEATRE
650 0 4 _aSPANISH THEATRE - HISTORY
942 _2ddc
_cBK
999 _c12839
_d12839